Piaget-Vigotsky (Registro nro. 7044)

Detalles MARC
000 -LEADER
fixed length control field 01098 a2200253 4500
001 - CONTROL NUMBER
control field 60579
005 - DATE AND TIME OF LATEST TRANSACTION
control field 20260407155857.0
008 - FIXED-LENGTH DATA ELEMENTS--GENERAL INFORMATION
fixed length control field 260407a1996 arg spa d
003 - CONTROL NUMBER IDENTIFIER
control field AR-UNSa-BCEJYS
040 ## - CATALOGING SOURCE
Original cataloging agency AR-UNSa-BCEJYS
Language of cataloging spa
Transcribing agency AR-UNSa-BCEJYS
080 ## - UNIVERSAL DECIMAL CLASSIFICATION NUMBER
Universal Decimal Classification number 37.015.3
Common auxiliary subdivision Psicología de la educación
020 ## - INTERNATIONAL STANDARD BOOK NUMBER
International Standard Book Number 978-950-12-2121-3
041 ## - LANGUAGE CODE
Language code of text/sound track or separate title spa
100 1# - MAIN ENTRY--PERSONAL NAME
Personal name Castorina, José Antonio
245 10 - TITLE STATEMENT
Title Piaget-Vigotsky
Name of part/section of a work Contribuciones para replantear el debate
264 #1 - PRODUCTION, PUBLICATION, DISTRIBUTION, MANUFACTURE, AND COPYRIGHT NOTICE
Place of production, publication, distribution, manufacture Buenos Aires :
Name of producer, publisher, distributor, manufacturer Paidós
Date of production, publication, distribution, manufacture, or copyright notice 1996
300 ## - PHYSICAL DESCRIPTION
Extent 139 p.
Dimensions 22 cm.
505 ## - FORMATTED CONTENTS NOTE
Formatted contents note 1. El debate Piaget-Vigotsky: la búsqueda de un criterio para su evaluación / José Antonio Castorina – 2. Pensar la educación: las contribuciones de Vigotsky, Marta Kohl de Oliveira – 3. La enseñanza y el aprendizaje escolar. Alegato contra una falsa oposición / Delia Lerner – 4. Acerca de la necesaria coordinación entre semejanzas y diferencias / Emilia Ferreiro
590 ## - LOCAL NOTE (RLIN)
Local note niveau_biblio:m niveau_hierar:0
700 1# - ADDED ENTRY--PERSONAL NAME
Personal name Ferreiro, Emilia
700 1# - ADDED ENTRY--PERSONAL NAME
Personal name Kohl de Oliveira, Marta
700 1# - ADDED ENTRY--PERSONAL NAME
Personal name Lerner, Delia
942 ## - ADDED ENTRY ELEMENTS (KOHA)
Koha item type
Existencias
Withdrawn status Lost status Damaged status Not for loan Home library Current library Shelving location Date acquired Total checkouts Full call number Barcode Date last seen Price effective from Koha item type Public note
        Biblioteca Prof. Eusebio Cleto del Rey Biblioteca Prof. Eusebio Cleto del Rey   07/04/2026   37.015.3 P579 L129235 07/04/2026 07/04/2026 Libro LÁPIZ